Dalit sahihya-2006 (Record no. 439149)

000 -LEADER
fixed length control field 00334cam a22001217a 4500
008 - FIXED-LENGTH DATA ELEMENTS--GENERAL INFORMATION
fixed length control field 180718b2006 xxu||||| |||| 00| 0 eng d
020 ## - INTERNATIONAL STANDARD BOOK NUMBER
International Standard Book Number 81 9042404 1
245 ## - TITLE STATEMENT
Title Dalit sahihya-2006
Statement of responsibility, etc. edited by Jaiprakash kardm
260 ## - PUBLICATION, DISTRIBUTION, ETC.
Place of publication, distribution, etc. Delhi
Name of publisher, distributor, etc. Akadamik Pratibha
Date of publication, distribution, etc. 2006
300 ## - PHYSICAL DESCRIPTION
Extent 416p.
650 ## - SUBJECT ADDED ENTRY--TOPICAL TERM
Topical term or geographic name entry element Dalit sahihya
700 ## - ADDED ENTRY--PERSONAL NAME
Personal name kardm, Jaiprakash
Holdings
Withdrawn status Lost status Damaged status Not for loan Permanent Location Current Location Date acquired Barcode Date last seen Price effective from Koha item type
        Indian Institute of Public Administration Indian Institute of Public Administration 2010-04-23 82664 2018-07-21 2018-07-21 Book

Powered by Koha